|
|
|
|
| LEADER |
02628nam a22006135i 4500 |
| 001 |
978-3-540-72685-2 |
| 003 |
DE-He213 |
| 005 |
20151204180920.0 |
| 007 |
cr nn 008mamaa |
| 008 |
100301s2007 gw | s |||| 0|eng d |
| 020 |
|
|
|a 9783540726852
|9 978-3-540-72685-2
|
| 024 |
7 |
|
|a 10.1007/978-3-540-72685-2
|2 doi
|
| 040 |
|
|
|d GrThAP
|
| 050 |
|
4 |
|a QA76.758
|
| 072 |
|
7 |
|a UMZ
|2 bicssc
|
| 072 |
|
7 |
|a UL
|2 bicssc
|
| 072 |
|
7 |
|a COM051230
|2 bisacsh
|
| 082 |
0 |
4 |
|a 005.1
|2 23
|
| 245 |
1 |
0 |
|a Embedded Software and Systems
|h [electronic resource] :
|b Third International Conference, ICESS 2007, Daegu, Korea, May 14-16, 2007. Proceedings /
|c edited by Yann-Hang Lee, Heung-Nam Kim, Jong Kim, Yongwan Park, Laurence T. Yang, Sung Won Kim.
|
| 264 |
|
1 |
|a Berlin, Heidelberg :
|b Springer Berlin Heidelberg,
|c 2007.
|
| 300 |
|
|
|a XIX, 829 p.
|b online resource.
|
| 336 |
|
|
|a text
|b txt
|2 rdacontent
|
| 337 |
|
|
|a computer
|b c
|2 rdamedia
|
| 338 |
|
|
|a online resource
|b cr
|2 rdacarrier
|
| 347 |
|
|
|a text file
|b PDF
|2 rda
|
| 490 |
1 |
|
|a Lecture Notes in Computer Science,
|x 0302-9743 ;
|v 4523
|
| 505 |
0 |
|
|a Track 1: Embedded Architecture -- Track 2: Embedded Hardware -- Track 3: Embedded Software -- Track 4: HW-SW Co-design and SoC -- Track 5: Multimedia and HCI -- Track 6: Pervasive/Ubiquitos Computing and Sensor Network: -- Track 7: Power-Aware Computing -- Track 8: Real-Time Systems -- Track 9: Security and Dependability -- Track 10: Wireless Communication.
|
| 650 |
|
0 |
|a Computer science.
|
| 650 |
|
0 |
|a Microprocessors.
|
| 650 |
|
0 |
|a Computer communication systems.
|
| 650 |
|
0 |
|a Special purpose computers.
|
| 650 |
|
0 |
|a Software engineering.
|
| 650 |
|
0 |
|a Operating systems (Computers).
|
| 650 |
1 |
4 |
|a Computer Science.
|
| 650 |
2 |
4 |
|a Software Engineering/Programming and Operating Systems.
|
| 650 |
2 |
4 |
|a Computer Communication Networks.
|
| 650 |
2 |
4 |
|a Software Engineering.
|
| 650 |
2 |
4 |
|a Operating Systems.
|
| 650 |
2 |
4 |
|a Special Purpose and Application-Based Systems.
|
| 650 |
2 |
4 |
|a Processor Architectures.
|
| 700 |
1 |
|
|a Lee, Yann-Hang.
|e editor.
|
| 700 |
1 |
|
|a Kim, Heung-Nam.
|e editor.
|
| 700 |
1 |
|
|a Kim, Jong.
|e editor.
|
| 700 |
1 |
|
|a Park, Yongwan.
|e editor.
|
| 700 |
1 |
|
|a Yang, Laurence T.
|e editor.
|
| 700 |
1 |
|
|a Kim, Sung Won.
|e editor.
|
| 710 |
2 |
|
|a SpringerLink (Online service)
|
| 773 |
0 |
|
|t Springer eBooks
|
| 776 |
0 |
8 |
|i Printed edition:
|z 9783540726845
|
| 830 |
|
0 |
|a Lecture Notes in Computer Science,
|x 0302-9743 ;
|v 4523
|
| 856 |
4 |
0 |
|u http://dx.doi.org/10.1007/978-3-540-72685-2
|z Full Text via HEAL-Link
|
| 912 |
|
|
|a ZDB-2-SCS
|
| 912 |
|
|
|a ZDB-2-LNC
|
| 950 |
|
|
|a Computer Science (Springer-11645)
|